| 000 | 00463nam a2200181Ia 4500 | ||
|---|---|---|---|
| 008 | 180921t2008 xxu||||| |||| 00| 0 sin d | ||
| 041 | _asin | ||
| 080 |
_a629.12.011.21 _bVIM |
||
| 100 | _aVimaladasa, A.B.C.T. | ||
| 245 | _aලී කැටයම් | ||
| 246 | _aLee kaetayam | ||
| 260 |
_bS. Godage _aColombo _c2008 |
||
| 300 | _a152p., ill., 22 cm | ||
| 650 | _aWood Carving | ||
| 942 | _cBK | ||
| 999 |
_c14220 _d14220 |
||
| 003 | LK-CoDNM | ||
| 040 |
_aLK-CoDNM _dLK-CoDNM _eLK-CoDNM |
||